00448nam a2200217Ia 4500008004000000041000800040082001200048100000600060245005600066260002000122650000900142650000800151650000800159650000700167650000700174650001000181650001000191650000700201650001000208650001200218210210b1929 xxu||||| |||| 00| 0 eng d aeng a920/118 a- aNotes on the debates in the house of lords Vol XLII aLondonb-c1929 aXLII aVol athe aon aof aNotes alords ain ahouse adebates